01401nam a2200409 i 450000100060000000300080000600500170001400600190003100700150005000800410006502000270010602000180013303500220015104000310017305000210020408000080022508200140023324500720024725000220031926400470034130000450038833600310043333700330046433800430049750000220054058800830056265000410064565000490068665000240073565000220075965000290078165000310081065500270084170000300086870000310089885600620092924466FINmELB20241216214153.0m o u cr cn|||||||||161215s2014 sp o 001 0 spa d a9788416654277 (e-book) z9788415840978 a(OCoLC)1105438765 aFINmELBbspaerdacFINmELB 4aRG531bM294 2014 a6180 a618.222300aManual de obstetricia /cArthur T. Evans, Emily DeFranco, editores. aOctava edición. 1aBarcelona :bWolters Kluwer Health,c2014. a1 recurso en línea (xv, 747 páginas) atextobtxt2rdacontent/spa acomputadorabc2rdamedia/spa arecurso en líneabcr2rdacarrier/spa aIncluye índice. aDescripción basada en metadatos suministrados por el editor y otras fuentes. 0aObstetricsvHandbooks, manuals, etc. 4aObstetriciavLibros de texto, manuales, etc. 0aFetusxDevelopment. 4aFetoxDesarrollo. 0aMaternal-fetal exchange. 4aIntercambio materno-fetal. 4aLibros electrónicos.1 aEvans, Arthur T,eeditor.1 aDeFranco, Emily,eeditora.40uhttps://elibro.net/ereader/politecnicointernacional/94666